Spoločenská a sociálna zodpovednosť firiem vo vybraných TNK ako jeden z ukazovateľov ich korporátnej identity

Aktivity spadajúce do kategórie spoločenskej a sociálnej zodpovednosti firiem sú jedným z mnohých ukazovateľov korporátnej identity firiem, konkrétne korporátneho imidžu a korporátnej kultúry. Cieľom príspevku je zanalyzovať tieto aktivity dvoch nemeckých spoločností Lidl a Wilo na slovenskom trhu.

Gespeichert in:
Bibliographische Detailangaben
1. Verfasser: Krajčík Danišová, Sonia, 1981-
Format: Buchkapitel
Sprache:Slowakisch
Schlagworte:
Tags: Tag hinzufügen
Keine Tags, Fügen Sie das erste Tag hinzu!

MARC

LEADER 00000naa$a2200000$$$4500
001 0288019
005 20240502074422.0
041 0 |a slo 
044 |a SK 
245 1 0 |a Spoločenská a sociálna zodpovednosť firiem vo vybraných TNK ako jeden z ukazovateľov ich korporátnej identity  |c Sonia Krajčík Danišová 
520 |a Aktivity spadajúce do kategórie spoločenskej a sociálnej zodpovednosti firiem sú jedným z mnohých ukazovateľov korporátnej identity firiem, konkrétne korporátneho imidžu a korporátnej kultúry. Cieľom príspevku je zanalyzovať tieto aktivity dvoch nemeckých spoločností Lidl a Wilo na slovenskom trhu. 
610 2 0 |a zodpovednosť spoločenská 
610 2 0 |a identita podniková 
610 2 0 |a komunikácia sociálna 
610 2 0 |a zodpovednosť podniku spoločenská 
610 2 0 |a podnik medzinárodný 
100 1 |a Krajčík Danišová, Sonia, 1981-